000 00621nam a2200169 a 4500
008 120416s1984 ||||||||||||||||| || u
020 _a0130445614
050 _aNA 2700 Mul
100 _aMuller, Edward J
245 1 0 _aArchitectural drawing and light construction. (3rd ed.)
250 _a3rd ed.
260 _aEnglewood Cliffs:
_bFT Prentice-Hall
_c1984
300 _axv,523p. : ill.
350 _a0.00
650 _aBUILDING--EQUIPMENT AND SUPPLIES--DRAWINGS
995 _D0.00
_FCBU-MAIN LIBRARY (Kitwe)
_H1
_I29.95
_UAVAILABLE
_ZAnnex Low-Usage Collection
999 _c34743
_d34743